000 00818nam a22002177a 4500
010 _aB-316864
020 _a9788123016177
_c345.00
035 _aB-316864
037 _bCen Lib / Ret
040 _aDPL
_bEn
082 _a954
_bIND
110 _bIndia. Ministry of Information and Broadcasting
245 _aIndia, 2009 :
_b a reference annual /
_cby India. Ministry of Information and Broadcasting
260 _aNew Delhi
_bPublications Division, Ministry of Information and Broadcasting, Govt. of India,
_c2009
270 _aPublications Division, Ministry of Information and Broadcasting, Govt. of India,
_bNew Delhi
300 _a1259p ;
_c27cm(PBK)
650 _a India -- Periodicals.
650 _aIndia -- Handbooks, manuals, etc.
650 _aIndia
942 _2ddc
_cEN
_h954
_mIND
999 _c137054
_d137054